|
|
|
|
| LEADER |
00000nam a22000007a 4500 |
| 005 |
20191003235719.0 |
| 007 |
cr|||| |||| |
| 008 |
191004s2019 es |||||s|||| 00||0 spa d |
| 020 |
|
|
|a 9786200017345
|
| 035 |
|
|
|a 29244
|
| 040 |
|
|
|a vLex
|
| 090 |
|
|
|c 9710
|d 9710
|
| 100 |
1 |
|
|a Přez Marrero, Danarys
|
| 245 |
1 |
0 |
|a Causas del comportamiento criminal del delincuente juvenil en Palmira
|h [Recurso electrn̤ico] /
|c Danarys Přez Marrero, Mayda Caridad Rosell Rguez
|
| 256 |
|
|
|a Servicio en ln̕ea
|
| 260 |
|
|
|a Madrid:
|b Editorial Acadm̌ica Espaǫla,
|c 2019
|
| 300 |
|
|
|a 1 recurso electrn̤ico
|
| 500 |
|
|
|a La investigacin̤ titulada: Causas del comportamiento criminal del delincuente juvenil en Palmira; se basa en el estudio de una problemt̀ica actual que atenta contra el normal desarrollo de los jv̤enes comprendidos entre 16 y 20 aǫs. Se utilizaron diferentes mťodos: Ter̤icos; inductivo-deductivo; anl̀isis y sn̕tesis; histr̤ico-lg̤ico. Empr̕icos; revisin̤ documental; encuesta y entrevista; Matemt̀icos que constatan la existencia del fenm̤eno. Considerǹdose una muestra de 25 jv̤enes de 16 a 20 aǫs, que representa el 28,7 % de los que presentan comportamiento criminal. Tomada del universo juvenil que asciende a 572 jv̤enes. De forma concluyente se comprob ̤que las causas que influyen en el incremento del comportamiento criminal del delincuente juvenil son: la disfuncionalidad, el mal manejo familiar, la situacin̤ econm̤ica, social y laboral, la marginalidad, el alcoholismo, la convivencia con reclusos o ex reclusos, la sexualidad precoz, el descontrol social, condiciones de hacinamiento; el fenm̤eno es multicausal. La bibliografa̕ empleada incluye textos jurd̕icos relacionados con el tema y otros de carc̀ter sociolg̤ico, psicolg̤ico y polt̕ico.
|
| 506 |
1 |
|
|a Disponible solo en los productos indicados
|d vLex Global
|d vLex Global (Academic Edition, excluding Law Schools)
|d vLex Global (U.S. Academic Edition, Law Schools)
|d vLex Global (U.S. Academic Edition, excluding Law Schools)
|d vLex Global (Academic Edition, Law Schools)
|
| 650 |
0 |
4 |
|a Derecho Penal
|z Espaą
|
| 700 |
1 |
|
|a Rosell Rguez, Mayda Caridad
|
| 740 |
0 |
|
|a vLex Libros (Servicio en ln̕ea)
|
| 856 |
4 |
0 |
|u http://vlex.com/source/29244
|z Acceso restringido
|
| 942 |
|
|
|c BOOK
|
| 999 |
0 |
|
|a Criminal law
|